SMIDEX'14 SMEs: Connecting the Dots, SHOW DIRECTORY, 4-6 June 2014, Kuala Lumpur Convention Centre. (Record no. 23988)
[ view plain ]
| 000 -LEADER | |
|---|---|
| fixed length control field | 00562nam a2200205#a 4500 |
| 001 - CONTROL NUMBER | |
| control field | 02429 |
| 003 - CONTROL NUMBER IDENTIFIER | |
| control field | HDC |
| 007 - PHYSICAL DESCRIPTION FIXED FIELD--GENERAL INFORMATION | |
| fixed length control field | ta |
| 008 - FIXED-LENGTH DATA ELEMENTS--GENERAL INFORMATION | |
| fixed length control field | 230623s2023 xx 000 0 eng d |
| 040 ## - CATALOGING SOURCE | |
| Original cataloging agency | HDC |
| 050 ## - LIBRARY OF CONGRESS CALL NUMBER | |
| Classification number | smidex HD2341 |
| Item number | .S65 2014 |
| 245 #0 - TITLE STATEMENT | |
| Title | SMIDEX'14 SMEs: Connecting the Dots, SHOW DIRECTORY, 4-6 June 2014, Kuala Lumpur Convention Centre. |
| 264 ## - PRODUCTION, PUBLICATION, DISTRIBUTION, MANUFACTURE, AND COPYRIGHT NOTICE | |
| Place of production, publication, distribution, manufacture | Kuala Lumpur : |
| Name of producer, publisher, distributor, manufacturer | SMIDEX, |
| Date of production, publication, distribution, manufacture, or copyright notice | 20012. |
| 300 ## - PHYSICAL DESCRIPTION | |
| Extent | 220p. : |
| Other physical details | illustration ; |
| Dimensions | 21cm. |
| 650 ## - SUBJECT ADDED ENTRY--TOPICAL TERM | |
| Topical term or geographic name entry element | Small business. |
| 942 ## - ADDED ENTRY ELEMENTS (KOHA) | |
| Source of classification or shelving scheme | Library of Congress Classification |
| 942 ## - ADDED ENTRY ELEMENTS (KOHA) | |
| Koha item type | Book |
| 942 ## - ADDED ENTRY ELEMENTS (KOHA) | |
| Call number prefix | smidex HD2341 |
| 942 ## - ADDED ENTRY ELEMENTS (KOHA) | |
| Call number suffix | .S65 2014 |
| Withdrawn status | Lost status | Source of classification or shelving scheme | Damaged status | Not for loan | Collection | Home library | Current library | Shelving location | Date acquired | Total checkouts | Full call number | Date last seen | Price effective from | Koha item type |
|---|---|---|---|---|---|---|---|---|---|---|---|---|---|---|
| Library of Congress Classification | Non-fiction | Halal Development Corporation Library | Halal Development Corporation Library | Open Shelves | 17/11/2020 | smidex HD2341 .S65 2014 | 24/05/2023 | 24/05/2023 | Book |
